000 00874nam a2200277 i 4500
001 bg
100 1 _aKaja, Jan.
245 1 0 _aPolityka gospodarcza :
_bwstęp do teorii /
_cJan Kaja.
250 _aWyd. 3 rozsz.
260 _aWarszawa :
_bSzkoła Główna Handlowa. Oficyna Wydawnicza,
_c2007.
300 _a342 s. ;
_c24 cm.
504 _aBibliogr. s. 341-342.
650 9 _aGospodarka
_xpolityka
651 9 _aPolska
_xgospodarka
_xpolityka
_yod 1989 r.
655 _aPodręczniki akademickie
015 _aPB 18699/2008
020 _a9788373783232
040 _cBPK
041 _apol
044 _aPOL
080 _a338.22(438:100)"1989/..."(075.8)
920 _a978-83-7378-323-2 :
_czł 38
942 _cKS
008 080709s2007 pl |000 0 pol
999 _c55281
_d55281
856 _uhttp://koha.tu.koszalin.pl/cgi-bin/koha/opac-detail.pl?biblionumber=55281
_yKatalog online BPK